00811nam a2200217Ia 4500003000900000008004100009020001800050040001600068080001800084245017400102250001400276260002800290300001700318650001900335650002800354650002800382700002800410942000700438999001700445952013100462IN-BaIIA211028s9999 xx 000 0 eng d a0-333-55867-7 cIIA Library a058(100)bHUN 4aThe Statesman's year-bookbstatistical and historical annual of the states of the World for the 1992-1993cedited by Brian Hunter  a129th ed. aLondonbMacmillanc1992 axlviii,1702p aNASA Thesaurus aNations-Yearbook917973 aYearbook-Nations917974 aHunter, Brian ed917975 cBK c10559d10559 00102ddc4070aBANbBANcGENd1993-02-02g1942.50l0o058(100)/ HUNp11470r2021-11-05v1942.50w1993-02-02yBKGRs. 1942.50